BIBLIOTECA

SENCICO

Ingeniería Sanitaria y de Aguas Residuales. Volumen 2 (Registro nro. 1260)

Detalles MARC
000 -LEADER
fixed length control field 00801nam a2200301Ia 4500
005 - DATE AND TIME OF LATEST TRANSACTION
control field 20251020182505.0
008 - FIXED-LENGTH DATA ELEMENTS--GENERAL INFORMATION
fixed length control field 200515s9999 xx 000 0 und d
020 ## - INTERNATIONAL STANDARD BOOK NUMBER
International Standard Book Number 968-18-2383-4
082 ## - DEWEY DECIMAL CLASSIFICATION NUMBER
Classification number 628/M27/t.2
100 ## - MAIN ENTRY--PERSONAL NAME
Personal name Alexander Okun, Daniel
100 ## - MAIN ENTRY--PERSONAL NAME
Personal name Charles Geyer, John
100 ## - MAIN ENTRY--PERSONAL NAME
Personal name Maskew Fair, Gordon
245 #0 - TITLE STATEMENT
Title Ingeniería Sanitaria y de Aguas Residuales. Volumen 2
250 ## - EDITION STATEMENT
Edition statement 1a ed.
260 ## - PUBLICATION, DISTRIBUTION, ETC.
Place of publication, distribution, etc. México, D.F.
260 ## - PUBLICATION, DISTRIBUTION, ETC.
Name of publisher, distributor, etc. Ediciones Ciencia y Técnica, S. A.
260 ## - PUBLICATION, DISTRIBUTION, ETC.
Date of publication, distribution, etc. 1987
300 ## - PHYSICAL DESCRIPTION
Extent 547 p.
300 ## - PHYSICAL DESCRIPTION
Other physical details il., tbl., graf.
500 ## - GENERAL NOTE
General note 1 ejemplar. Volumen 2
650 ## - SUBJECT ADDED ENTRY--TOPICAL TERM
Topical term or geographic name entry element ABASTECIMIENTO DE AGUA
650 ## - SUBJECT ADDED ENTRY--TOPICAL TERM
Topical term or geographic name entry element AGUA
650 ## - SUBJECT ADDED ENTRY--TOPICAL TERM
Topical term or geographic name entry element AGUAS RESIDUALES
650 ## - SUBJECT ADDED ENTRY--TOPICAL TERM
Topical term or geographic name entry element AGUAS SUBTERRANEAS
650 ## - SUBJECT ADDED ENTRY--TOPICAL TERM
Topical term or geographic name entry element INGENIERIA SANITARIA
942 ## - ADDED ENTRY ELEMENTS (KOHA)
Koha item type Libros
Existencias
Fecha de la última vez que lo usaron Pago total Signatura topográfica completa Código de barras Precio efectivo desde Tipo de documento Estado perdido Estado dañado No es para préstamo Retirado Ubicación permanente Ubicación actual Fecha de adquisición
15/05/2020   628/M27/t.2 Bib-Lima15051260 15/05/2020 Libros         Biblioteca Central Lima Biblioteca Central Lima 15/05/2020